000
00327 a2200157 4500
001
183046
020
_a
040
_c
Magnum
100
_a
Souza, Jadir Vilela e
240
1
0
_a
As quatro estações
_l
por
245
1
0
_a
As quatro estações
300
_a
104
362
0
_a
1997
697
_a
LITERATURA GERAL
942
_c
BK
999
_c
183046
_d
183046